000 00592cam a22001933a 4500
001 38836
003 PGUSA
005 20140828083846.0
008 120211s2012||||xxu|||||s|||||000 | eng d
040 _aPGUSA
_beng
042 _adc
245 1 0 _aCatalogo de los Objetos Etnologicos y Arqueologicos Exhibidos por la Expedición Hemenway
_h[electronic resource] /
_cAnonymous
260 _bProject Gutenberg,
_c2012
506 _aPublic domain in the USA.
516 _aElectronic text
830 0 _aProject Gutenberg
_v38836
856 4 0 _uhttp://www.gutenberg.org/ebooks/38836
942 _cEB
999 _c268090
_d268090